000 00690cam a2200193 4500500
005 20260405003944.0
041 _afre
042 _adc
100 1 0 _aBlin, Alexia
_eauthor
700 1 0 _aMoreau, Anne-Sophie
_eauthor
245 0 0 _aAlexia Blin : “Une partie des démocrates américains refuse d’abandonner les joies de la société de consommation à la droite”
260 _c2025.
500 _a36
690 _aAbondance
690 _aDémocrates
690 _aÉtats-Unis
786 0 _nPhilosophie magazine | 193 | 10 | 2025-10-01 | p. 12-13 | 1951-1787
856 4 1 _uhttps://shs.cairn.info/magazine-philosophie-magazine-2025-10-page-12?lang=fr&redirect-ssocas=7080
999 _c2072414
_d2072414